El Plan Colombia y la internacionalizacion del conflicto / (Registro nro. 49526)

Detalles MARC
000 -LEADER
fixed length control field 01277nam a2200289 4500
001 - CONTROL NUMBER
control field 0000017860
003 - CONTROL NUMBER IDENTIFIER
control field CO-CtgCURN
005 - DATE AND TIME OF LATEST TRANSACTION
control field 20250825223111.0
008 - FIXED-LENGTH DATA ELEMENTS--GENERAL INFORMATION
fixed length control field 160627s2001 000 0 eng d
020 ## - INTERNATIONAL STANDARD BOOK NUMBER
International Standard Book Number 9584201808
040 ## - CATALOGING SOURCE
Original cataloging agency CO-CtgCURN
Language of cataloging spa
Transcribing agency coctgcurn
082 0# - DEWEY DECIMAL CLASSIFICATION NUMBER
Classification number 322.42
Item number I57p
110 2# - MAIN ENTRY--CORPORATE NAME
Corporate name or jurisdiction name as entry element Instituto de Estudios Politicos y Relaciones Internacionales : (Bogotá)
245 13 - TITLE STATEMENT
Title El Plan Colombia y la internacionalizacion del conflicto /
Statement of responsibility, etc. Instituto de Estudios Politicos y Relaciones Internacionales, Universidad Nacional de Colombia.
260 ## - PUBLICATION, DISTRIBUTION, ETC.
Place of publication, distribution, etc. Bogotá :
Name of publisher, distributor, etc. Planeta Colombiana,
Date of publication, distribution, etc. 2001.
300 ## - PHYSICAL DESCRIPTION
Extent 339 p.
336 ## - CONTENT TYPE
Source rdacontent
337 ## - MEDIA TYPE
Source rdamedia
Media type term sin mediacion
Media type code n
338 ## - CARRIER TYPE
Source rdacarrier
Carrier type term volumen
Carrier type code nc
490 1# - SERIES STATEMENT
Series statement La Linea del Horizonte
505 8# - FORMATTED CONTENTS NOTE
Formatted contents note La internacionalizacion del conflicto y de la paz en Colombia.--Ecos del proceso de paz y el plan Colombia.--Plan Colombia y ayuda estadounidense: una fusion traumatica.--El plan Colombia: una estrategia fatal para una ayuda necesaria
650 #0 - SUBJECT ADDED ENTRY--TOPICAL TERM
Topical term or geographic name entry element Plan Colombia
Form subdivision Aspectos politicos.
710 2# - ADDED ENTRY--CORPORATE NAME
Corporate name or jurisdiction name as entry element Universidad Nacional de Colombia (Bogotá)
908 ## - PUT COMMAND PARAMETER (RLIN)
Put command parameter 160627
942 ## - ADDED ENTRY ELEMENTS (KOHA)
Koha item type Libros
Classification part 322.42
Item part I57p
Source of classification or shelving scheme Dewey Decimal Classification
999 ## - SYSTEM CONTROL NUMBERS (KOHA)
-- 1
Existencias
Withdrawn status Lost status Source of classification or shelving scheme Damaged status Not for loan Home library Current library Shelving location Date acquired Total checkouts Full call number Barcode Date last seen Price effective from Koha item type
    Dewey Decimal Classification     Miguel Henríquez Castañeda Miguel Henríquez Castañeda General 03/04/2019   322.42 I57p 002830 11/04/2025 03/04/2019 Libros